000 01155cam a2200313 a 4500
999 _c3644
_d3644
001 15714420
003 GZU
005 20210617115333.0
008 090427s2009 maua b 001 0 eng
010 _a 2009017266
020 _a9780073383781 (alk. paper)
020 _a0073383783 (alk. paper)
040 _aDLC
_cDLC
_dDLC
050 0 0 _aPE1408
_b.SEY 2010
082 0 0 _a808/.0427
_222
100 1 _aSeyler, Dorothy U.
245 1 0 _aRead, reason, write :
_ban argument text and reader /
_cDorothy U. Seyler.
250 _a9th ed.
260 _aBoston :
_bMcGraw-Hill Higher Education,
_cc2010.
300 _axviii, 649 p. :
_bill. (some col.), maps ;
_c23 cm.
504 _aIncludes bibliographical references and index.
650 0 _aEnglish language
_xRhetoric.
650 0 _aPersuasion (Rhetoric)
650 0 _aCollege readers.
650 0 _aReport writing.
906 _a7
_bcbc
_corignew
_d1
_eecip
_f20
_gy-gencatlg
942 _2lcc
_cBK
_e9th ed.
_h1408
_iSEY
_kPE